banner-ar

أرمنت وآثارها حتى نهاية العصر المتأخر ( فى ضوء الاكتشافات الحديثة ) = (Record no. 67595)

MARC details
000 -الفاتح
حقل البيانات ثابتة الطول 01058nam a2200265Ia 4500
005 - وقت وتاريخ اخر تعامل مع التسجيلة
رقم الضبط 20250622124033.0
008 - عناصر البيانات ثابتة الطول - معلومات عامة
حقل البيانات ثابتة الطول 250617s9999||||xx |||||||||||||| ||ara||
017 ## - رقم الايداع القانونى
رقم الايداع القانونى 2024/29990
المصدر ( الهيئة المختصة) مصر. دار الكتب
020 ## - الرقم الدولى المعيارى للكتب
الرقم الدولى المعيارى للكتاب 9789778850130
082 04 - رقم تصنيف ديوى العشرى
رقم التصنيف "916,232"
رقم المادة ع أ
100 0# - المدخل الرئيسى - إسم شخصى
الإسم الشخصى عبد الهادى محمود محمد
245 10 - بيان العنوان
العنوان أرمنت وآثارها حتى نهاية العصر المتأخر ( فى ضوء الاكتشافات الحديثة ) =
بيان المسئوليه,etc عبد الهادى محمود محمد
246 ## - العنوان الموازى
عنوان صحيح/عنوان مختصر Armant and its Monuments until the End of the Late Period in Light of Recent Discoveries /
250 ## - بيان الطبعة
بيان الطبعة ط1
260 3# - PUBLICATION, DISTRIBUTION, ETC. (IMPRINT)
تاريخ النشر أو التوزيع 2025.
300 ## - الوصف المادى
التعداد 408ص :
تفاصيل ماديه اخرى للوعاء لوحات ؛
أبعاد الوعاء 25سم.
650 ## - المدخل الاضافى بالموضوع-مصطلح موضوعى
مصطلح موضوعي الآثار
650 ## - المدخل الاضافى بالموضوع-مصطلح موضوعى
مصطلح موضوعي الحفريات الأثرية
650 ## - المدخل الاضافى بالموضوع-مصطلح موضوعى
مصطلح موضوعي العمارة القديمة
650 ## - المدخل الاضافى بالموضوع-مصطلح موضوعى
مصطلح موضوعي الفن القديم
651 ## - المدخل الاضافى بالموضوع - اسم جغرافى
الاسم الجغرافي أرمنت
التقسيم الفرعي العام الآثار
651 ## - المدخل الاضافى بالموضوع - اسم جغرافى
الاسم الجغرافي مصر
التقسيم الفرعي العام الآثار
942 ## - عناصر المدخل الإضافي( كوها)
Koha [default] item type كتاب
260 3# - PUBLICATION, DISTRIBUTION, ETC. (IMPRINT)
-- القاهرة :
-- "المؤسسة الدولية للكتاب،"
Holdings
حالة التراجع حالة الفقد حالة تلف ليس للاعارة المكان المؤقت الموقع الحالى موقع الترفيف تاريخ الاكتساب اجمالي اﻻعارات تاريخ اخر مشاهدة تاريخ تفعيل السعر نوع وعاء كوها
        مكتبة القاهرة الكبرى مكتبة القاهرة الكبرى قاعة القاهرة_ك عربى 06/22/2025   06/22/2025 06/22/2025 كتاب

Powered By

EGPV